Les couleurs et les mots
Saved in:
| Main Author: | |
|---|---|
| Format: | Book |
| Language: | French |
| Published: |
Paris :
Presses Universitaires de France,
1997
|
| Series: | Perspectives critiques
|
| Subjects: | |
| Tags: |
Add Tag
No Tags, Be the first to tag this record!
|
MARC
| LEADER | 00000nam a2200000 i 4500 | ||
|---|---|---|---|
| 001 | 1/11855 | ||
| 008 | 000915s1997 fre d | ||
| 020 | |a 2130489109 | ||
| 035 | |l 10063987 | ||
| 040 | |a GR-MY-UA |b gre |e aacr | ||
| 041 | 0 | |a fre | |
| 082 | 0 | |a 809.93357 | |
| 100 | 1 | |a Le Rider, Jacques. | |
| 245 | 1 | 4 | |a Les couleurs et les mots / |c Jacques Le Rider |
| 260 | |a Paris : |b Presses Universitaires de France, |c 1997 | ||
| 300 | |a 428 p.; |c 20 cm | ||
| 490 | 1 | |a Perspectives critiques | |
| 500 | |a Edition publiee avec le concours de l' Universite Paris VIII | ||
| 504 | |a Includes bibliographical references (p. 403-[412]) and index | ||
| 650 | 0 | 0 | |a Art and literature. |
| 650 | 0 | 0 | |a Colors in literature. |
| 830 | 0 | |a Perspectives critiques | |
| 852 | |a INST |b RHODES |e 20000915 |h 809.93357 LER |p 005400014941 |q 005400014941 |t BK |y 0 | ||
| 901 | |a BIBL4-2000-3 | ||
| 909 | |a Ρ |b 065694 | ||
| 922 | |a 4ΕΛΗ |b 199905 |c ΚΠΣ/154 |d LEADER BOOKS | ||
| 970 | |z 2000/09/ΣΟΦΙΑ | ||